000 00330nam a22001577a 4500
003 SGT
020 _a9789350354896
082 _a347.095 4,BAN
100 _aBANSAL,A.K.
245 _aARBITRATION AWARDS
250 _a3RD
260 _aNEW DELHI
_bUNIVERSAL
_c2014
300 _a580
650 _aARBITRATION
942 _2ddc
_cBK
999 _c10938
_d10938